| 000 | 00382nam a22001577a 4500 | ||
|---|---|---|---|
| 003 | OSt | ||
| 005 | 20220127145550.0 | ||
| 008 | 220127b |||||||| |||| 00| 0 eng d | ||
| 020 | _a087765030 | ||
| 040 | _cHU | ||
| 082 | _a621.3192 | ||
| 100 |
_aStallcup G. J ames _928919 |
||
| 245 | _aStallcups Journeyman Electricians Study Guide | ||
| 260 |
_aUSA _bUSA |
||
| 942 |
_2ddc _cBOOKS _n0 |
||
| 999 |
_c28209 _d28209 |
||